000 00824nam a22002057a 4500
999 _c16241
_d16241
003 AR-CdUCM
008 190502b ||||| |||| 00| 0 spa d
040 _aMUNICIPALIDAD PROVINCIAL DEL CUSCO
_cBIBLIOTECA MUNICIPAL DEL CUSCO
082 _a332.4 /
_bF78
100 _aFousek, Peter G.
_935571
245 _aLos instrumentos de la política monetaria /
260 _aMéxico :
_bC.E.M.L.A.,
_c1959.
300 _a189 páginas ;
_c22 cm.
505 _aContenido: Técnicas y políticas de redescuento -- Operaciones de mercado abierto -- Encaje legal de los bancos comerciales -- Controles directos selectivos y del crédito -- Desarrollo de los mercados monetarios ...
650 _aPolítica monetaria
_99748
650 _aEconomía
_9382
650 _aBancos
_94353
942 _2ddc
_cLIBROS
945 _adavv
_d02/05/2019